000 00294nam a22001337a 4500
008 171013b xxu||||| |||| 00| 0 eng d
020 _a9780321022806
041 _aeng
080 _25TH
_a316
100 _a50
101 _aSOC
245 _aDIVERSITY IN FAMILIES
_cZINN,M,B
942 _2udc
_cBK
999 _c33586
_d33586